| 000 | 01349cam a2200253 4500 | ||
|---|---|---|---|
| 008 | 000000n2000 000 0 eng u | ||
| 020 | _a184219044X | ||
| 022 | _a1354-506X | ||
| 035 | _a(Sirsi) u109966 | ||
| 050 |
_a690.0285 _c18 |
||
| 100 | _aSarshar, Marjan | ||
| 245 | 2 | _aA vision for construction IT 2005-2010 | |
| 260 |
_aLondon _bRICS Research Foundation _c2000 |
||
| 490 |
_aRICS Foundation Research Papers _v3(17) |
||
| 520 | _aPresents the findings of a major review of current research and industrial best practice in the UK, in order to summarise these efforts in the form of a vision for the next five to 10 years of construction projects and the way their processes will be supported by IT. | ||
| 520 | _aAvailable to download, by subscription or one-off payment, at www.rics-foundation.org. RICS members may also view the research via the public access terminals in the RICS Library - please ask Library Staff for details. | ||
| 650 | _aCONSTRUCTION INDUSTRY | ||
| 690 | _aMANAGEMENT-BUSINESS MANAGEMENT-INFORMATION MANAGEMENT | ||
| 700 | _aBetts, Marlin | ||
| 700 | _aAouad, Ghassan | ||
| 710 |
_aRoyal Institution of Chartered Surveyors _bResearch Foundation _93861 |
||
| 856 |
_uhttps://www.rics.org/site/scripts/download_info.aspx?downloadID=1522 _vView the research on the RICS Foundation website... |
||
| 942 | _n0 | ||
| 999 |
_c101031 _d101031 |
||